000 00807nam a2200205Ia 4500
003 OSt
005 20250305151807.0
008 210210b1996 xxu||||| |||| 00| 0 eng d
040 _cAL
041 _aKannada
082 _a398.2K VIVY
100 _aVIVEKA RAI (B A).
_9142782
_dವಿವೇಕ ರೈ (ಬಿ ಎ)
245 _aYakshagana prasanga samputa: hattu aprakatita yakshagana prasangagala samagra samputa.
_bಯಕ್ಷಗಾನ ಪ್ರಸಂಗ ಸಂಪುಟ : ಹತ್ತು ಅಪ್ರಕಟಿತ ಯಕ್ಷಗಾನ ಪ್ರಸಂಗಗಳ ಸಮಗ್ರ ಸಂಪುಟ
260 _aMangaluru.
_bKannada Vibhaga, Mangaluru Vishwavidyanilaya.,
_c1996
300 _a506
650 _aYakshagana
_9142783
690 _aYakshagana
_9142784
906 _a053923
942 _2ddc
_cBK
999 _c101852
_d101852